Sitelen Pona Symbols - Statistics

General Stats
  • This quiz has been taken 10 times
  • The average score is 113 of 137
Answer Stats
Picture Answer % Correct
a
100%
ala
100%
alasa
100%
ale
100%
esun
100%
kama
100%
kasi
100%
ken
100%
len
100%
lili
100%
linja
100%
meli
100%
mi
100%
mije
100%
moli
100%
mute
100%
nasa
100%
nasin
100%
oko
100%
olin
100%
ona
100%
pakala
100%
pona
100%
seme
100%
sike
100%
sina
100%
sitelen
100%
sona
100%
soweli
100%
suli
100%
telo
100%
tenpo
100%
toki
100%
tonsi
100%
wan
100%
wile
100%
akesi
83%
anpa
83%
ante
83%
awen
83%
e
83%
en
83%
ijo
83%
ike
83%
ilo
83%
insa
83%
jaki
83%
jan
83%
jelo
83%
jo
83%
kalama
83%
kepeken
83%
kijetesantakalu
83%
kiwen
83%
ko
83%
kon
83%
ku
83%
kule
83%
kulupu
83%
kute
83%
la
83%
lape
83%
laso
83%
lawa
83%
li
83%
loje
83%
luka
83%
lupa
83%
mama
83%
mu
83%
mun
83%
musi
83%
nimi
83%
noka
83%
o
83%
pali
83%
palisa
83%
pan
83%
pi
83%
pilin
83%
pimeja
83%
pipi
83%
poka
83%
poki
83%
sama
83%
sewi
83%
sijelo
83%
sin
83%
suno
83%
supa
83%
suwi
83%
tawa
83%
tomo
83%
tu
83%
unpa
83%
uta
83%
utala
83%
walo
83%
waso
83%
wawa
83%
anu
67%
kala
67%
kili
67%
kipisi
67%
lanpan
67%
leko
67%
lete
67%
lipu
67%
lon
67%
lukin
67%
ma
67%
mani
67%
misikeke
67%
moku
67%
monsi
67%
monsuta
67%
n
67%
nanpa
67%
nena
67%
ni
67%
pana
67%
seli
67%
selo
67%
sinpin
67%
soko
67%
su
67%
tan
67%
taso
67%
weka
67%
epiku
50%
kin
50%
meso
50%
namako
50%
open
50%
pini
50%
pu
50%
majuna
33%
No matching quizzes found
Score Distribution
Percent of People with Each Score
Percentile by Number Answered
Your Score History
You have not taken this quiz